[Event "Titled Tuesday intern op 16th Apr Early"]
[Site "Chess.com INT"]
[Date "2024.04.16"]
[Round "1"]
[White "Mosesov, Danylo"]
[Black "Nimay, Agrawal"]
[Result "1-0"]
[WhiteElo "2453"]
[BlackElo "1843"]
[PlyCount "117"]
[EventDate "2024.04.16"]
[EventType "swiss (blitz)"]
[EventRounds "11"]
[EventCountry "USA"]
[SourceTitle "CB17_2024"]
[SourceDate "2024.04.24"]
[SourceVersion "1"]
[SourceVersionDate "2024.04.24"]
[SourceQuality "1"]

1. Nf3 d5 2. c4 d4 3. d3 Nf6 4. g3 c5 5. e3 Nc6 6. exd4 cxd4 7. Bg2 e5 8. 0-0 Be7 9. a3 a5 10. Re1 Nd7 11. Nbd2 0-0 12. Ne4 h6 13. g4 Qc7 14. h3 a4 15. b4 axb3 16. Qxb3 Nc5 17. Nxc5 Bxc5 18. g5 h5 19. Qd1 g6 20. Qe2 Bf5 21. Nd2 Qd7 22. Ne4 Be7 23. Kh2 Kg7 24. Rb1 Nd8 25. Ng3 Nc6 26. Bxc6 bxc6 27. Qxe5+ Kg8 28. Qxe7 Qxe7 29. Rxe7 Bxd3 30. Rb4 c5 31. Rb5 Rac8 32. Re5 Bxc4 33. Rbxc5 Ba6 34. Bd2 d3 35. Ne4 Rfd8 36. Nf6+ Kg7 37. Kg3 Rxc5 38. Rxc5 Rb8 39. Kf3 Rb2 40. Ke3 Rb6 41. Bc3 Kf8 42. Rc8+ Ke7 43. Nd5+ Ke6 44. Nxb6 Kf5 45. Rf8 Kxg5 46. Rxf7 Bb5 47. Bd2 Kh4 48. Rg7 Kxh3 49. Rxg6 Ba4 50. Rh6 h4 51. Nxa4 Kg2 52. Rxh4 Kg1 53. f4 Kg2 54. Rh8 Kg3 55. f5 Kg4 56. f6 Kg3 57. f7 Kg2 58. f8Q Kg3 59. Qf3# 1-0

[Event "Titled Tuesday intern op 16th Apr Early"]
[Site "Chess.com INT"]
[Date "2024.04.16"]
[Round "2"]
[White "Petkov, Momchil"]
[Black "Mosesov, Danylo"]
[Result "0-1"]
[WhiteElo "2502"]
[BlackElo "2453"]
[PlyCount "130"]
[EventDate "2024.04.16"]
[EventType "swiss (blitz)"]
[EventRounds "11"]
[EventCountry "USA"]
[SourceTitle "CB17_2024"]
[SourceDate "2024.04.24"]
[SourceVersion "1"]
[SourceVersionDate "2024.04.24"]
[SourceQuality "1"]

1. d4 Nf6 2. c4 b6 3. Nf3 Bb7 4. g3 g6 5. Bg2 Bg7 6. Nc3 Ne4 7. Qc2 Nxc3 8. bxc3 d6 9. e4 Nd7 10. 0-0 0-0 11. Ne1 c5 12. Be3 Rc8 13. Qa4 a6 14. Nd3 Qc7 15. Rfc1 Ra8 16. Rab1 Bc6 17. Qc2 Rfb8 18. a4 Nf6 19. f3 Qd7 20. Ra1 Qe8 21. d5 Bd7 22. Rcb1 b5 23. axb5 axb5 24. Rxa8 Rxa8 25. cxb5 Bxb5 26. c4 Ba4 27. Qd2 Nd7 28. f4 Rb8 29. Rc1 Bb3 30. h4 Nb6 31. Nb2 Bxb2 32. Qxb2 Nxc4 33. Qc3 Nxe3 34. Qxe3 c4 35. e5 Qb5 36. Kh2 Qb6 37. Qe2 Rc8 38. Rc3 Qd4 39. Qe1 Ra8 40. e6 f6 41. h5 Ra2 42. Kh3 Kg7 43. Bf3 Qd2 44. Qxd2 Rxd2 45. Be4 f5 46. Bg2 Rd3 47. Rc1 c3 48. Bf1 Re3 49. Kg2 c2 50. Kf2 Re4 51. Bg2 Rd4 52. Ke3 Rd1 53. Rxc2 Bxc2 54. Bf3 Ra1 55. hxg6 hxg6 56. Bg2 Be4 57. Bxe4 fxe4 58. Kxe4 Ra3 59. g4 Kf6 60. g5+ Kg7 61. Kd4 Ra4+ 62. Ke3 Rb4 63. Kf3 Rd4 64. Ke3 Rxd5 65. Ke4 Rc5 0-1

[Event "Lvov Ukrainian Chess Warriors"]
[Site "Lvov"]
[Date "2024.03.15"]
[Round "6"]
[White "Kislinsky, Alexey"]
[Black "Mosesov, Danylo"]
[Result "1/2-1/2"]
[WhiteElo "2361"]
[BlackElo "2453"]
[PlyCount "86"]
[EventDate "2024.03.15"]
[EventType "swiss (rapid)"]
[EventRounds "8"]
[EventCountry "UKR"]
[SourceTitle "CB12_2024"]
[SourceDate "2023.10.01"]
[SourceVersion "1"]
[SourceVersionDate "2023.10.01"]
[SourceQuality "1"]

1. e4 Nf6 2. e5 Nd5 3. c4 Nb6 4. c5 Nd5 5. Nc3 e6 6. Bc4 Nxc3 7. dxc3 b6 8. cxb6 axb6 9. Qg4 Ba6 10. Bg5 Qc8 11. Nf3 d5 12. exd6 cxd6 13. Bxa6 Qxa6 14. c4 h6 15. Bd2 Nd7 16. Bc3 Rc8 17. b3 b5 18. 0-0 bxc4 19. Rfe1 Nf6 20. Bxf6 gxf6 21. Nd4 Be7 22. Qg7 Rf8 23. Qxh6 Kd7 24. bxc4 Qxc4 25. Rad1 Rg8 26. Qe3 Rg4 27. h3 Rg5 28. Rc1 Qd5 29. Nf3 Rxc1 30. Rxc1 Rg8 31. Qa7+ Ke8 32. Rc8+ Bd8 33. Rxd8+ Kxd8 34. Qb8+ Ke7 35. Qxg8 Qxa2 36. h4 d5 37. h5 Qb1+ 38. Kh2 Qf5 39. Qh8 d4 40. Qh6 e5 41. Kg1 Qb1+ 42. Kh2 Qf5 43. Kg1 Qb1+ 1/2-1/2

[Event "Lvov Ukrainian Chess Warriors"]
[Site "Lvov"]
[Date "2024.03.15"]
[Round "7"]
[White "Mosesov, Danylo"]
[Black "Dehtiarov, Roman"]
[Result "1-0"]
[WhiteElo "2453"]
[BlackElo "2319"]
[PlyCount "85"]
[EventDate "2024.03.15"]
[EventType "swiss (rapid)"]
[EventRounds "8"]
[EventCountry "UKR"]
[SourceTitle "CB12_2024"]
[SourceDate "2023.10.01"]
[SourceVersion "1"]
[SourceVersionDate "2023.10.01"]
[SourceQuality "1"]

1. Nf3 d5 2. c4 e6 3. g3 Nf6 4. Bg2 Be7 5. 0-0 0-0 6. b3 b6 7. Bb2 Bb7 8. e3 c5 9. Nc3 Nc6 10. cxd5 Nxd5 11. Nxd5 exd5 12. d4 Bf6 13. Qd2 Rc8 14. dxc5 Bxb2 15. Qxb2 bxc5 16. Rfd1 Ne7 17. Ne5 Qd6 18. Rac1 Rfd8 19. h4 Ba8 20. Nd3 h6 21. Qa3 c4 22. Qxd6 Rxd6 23. Nf4 cxb3 24. axb3 Rb8 25. Rc7 Rb7 26. Rdc1 Rd7 27. Rc8+ Nxc8 28. Rxc8+ Kh7 29. Rxa8 Rxb3 30. Bxd5 Rb4 31. e4 g6 32. Kg2 h5 33. Nd3 Rd4 34. Ne5 Rc7 35. Bxf7 Kg7 36. Bd5 Rd2 37. Nc6 Rc2 38. Nxa7 R7c3 39. Nb5 Rd3 40. Ra7+ Kh8 41. Nd6 Rdd2 42. Nf7+ Kg8 43. Ne5+ 1-0

[Event "Lvov Ukrainian Chess Warriors"]
[Site "Lvov"]
[Date "2024.03.15"]
[Round "5"]
[White "Mosesov, Danylo"]
[Black "Kravtsiv, Martyn"]
[Result "1-0"]
[WhiteElo "2453"]
[BlackElo "2598"]
[PlyCount "68"]
[EventDate "2024.03.15"]
[EventType "swiss (rapid)"]
[EventRounds "8"]
[EventCountry "UKR"]
[SourceTitle "CB12_2024"]
[SourceDate "2023.10.01"]
[SourceVersion "1"]
[SourceVersionDate "2023.10.01"]
[SourceQuality "1"]

1. Nf3 d5 2. c4 e6 3. g3 Nf6 4. Bg2 Be7 5. 0-0 0-0 6. b3 d4 7. e3 c5 8. Ne5 Qc7 9. f4 Bd6 10. exd4 cxd4 11. Na3 a6 12. Nd3 Nbd7 13. Bb2 e5 14. c5 Nxc5 15. Nxe5 Bxe5 16. fxe5 Ng4 17. Rc1 Qxe5 18. Nc4 Qg5 19. Ba3 Be6 20. Nb6 Nd3 21. Nxa8 Rxa8 22. Rc7 Qa5 23. Qc2 Nde5 24. Bd6 Rd8 25. Rc5 Qb4 26. Bxe5 b6 27. Bc7 Rc8 28. Bxb6 Re8 29. Ba5 Qb8 30. Rc7 h5 31. Qc6 d3 32. Rb7 Qa8 33. Rb4 Qxc6 34. Bxc6 Rc8 1-0

[Event "Lvov Buturina Memorial 3rd"]
[Site "Lvov"]
[Date "2023.11.17"]
[Round "4"]
[White "Mosesov, Danylo"]
[Black "Fishchuk, Vladyslav"]
[Result "1/2-1/2"]
[WhiteElo "2453"]
[BlackElo "2198"]
[PlyCount "83"]
[EventDate "2023.11.16"]
[EventType "swiss"]
[EventRounds "9"]
[EventCountry "UKR"]
[SourceTitle "CB49_2023"]
[SourceDate "2023.12.06"]
[SourceVersion "1"]
[SourceVersionDate "2023.12.06"]
[SourceQuality "1"]

1. e4 c5 2. Nf3 Nc6 3. Bc4 e6 4. 0-0 d5 5. Bb5 Nf6 6. e5 Nd7 7. Bxc6 bxc6 8. d3 Be7 9. Qe2 Ba6 10. c4 Bc8 11. Nc3 0-0 12. h3 Kh8 13. Bf4 f5 14. exf6 Bxf6 15. Bd6 Re8 16. Ne5 Nxe5 17. Bxe5 Qe7 18. Rfe1 Bb7 19. Na4 Qf8 20. Qe3 Be7 21. Qg3 Bc8 22. Re3 Ba6 23. b3 Rad8 24. Rae1 Bc8 25. Rf3 Qg8 26. Rf4 Rf8 27. Rg4 Rf7 28. h4 Bf8 29. h5 h6 30. Rg6 Kh7 31. Rxe6 Bxe6 32. Qg6+ Kh8 33. Qxe6 dxc4 34. dxc4 Re7 35. Qxc6 Rxe5 36. Rxe5 Rd1+ 37. Kh2 Bd6 38. f4 Bxe5 39. fxe5 Qf7 40. Qa8+ Kh7 41. Qe4+ Kh8 42. Qa8+ 1/2-1/2

[Event "Lvov Buturina Memorial 3rd"]
[Site "Lvov"]
[Date "2023.11.16"]
[Round "2"]
[White "Mosesov, Danylo"]
[Black "Yushko, Olga"]
[Result "1-0"]
[WhiteElo "2453"]
[BlackElo "2064"]
[PlyCount "79"]
[EventDate "2023.11.16"]
[EventType "swiss"]
[EventRounds "9"]
[EventCountry "UKR"]
[SourceTitle "CB49_2023"]
[SourceDate "2023.12.06"]
[SourceVersion "1"]
[SourceVersionDate "2023.12.06"]
[SourceQuality "1"]

1. d4 e6 2. e4 d5 3. e5 c5 4. c3 Nc6 5. Nf3 Qb6 6. Bd3 cxd4 7. 0-0 Nge7 8. cxd4 Nf5 9. Bxf5 exf5 10. Nc3 Be6 11. Ne2 Be7 12. Bg5 0-0 13. Bxe7 Nxe7 14. Qd2 Rac8 15. Rfc1 h6 16. Nf4 Nc6 17. Rc3 Na5 18. Rac1 Rxc3 19. Rxc3 Nc4 20. Qc1 Rd8 21. h4 Qa6 22. b3 Na5 23. Qa3 Re8 24. Rc7 Qb6 25. Qd6 Nc6 26. Nxe6 fxe6 27. Rc8 Nd8 28. Qd7 Rf8 29. Rc7 Nf7 30. Rxb7 Qa6 31. Rxa7 Qd3 32. Qxe6 Qb1+ 33. Kh2 Qe4 34. Qg6 Qf4+ 35. Kh1 Qc1+ 36. Ng1 Qf4 37. e6 Qxh4+ 38. Nh3 Qxd4 39. exf7+ Kh8 40. Re7 1-0

[Event "Morshyn Saint Charbel Cup"]
[Site "Morshyn"]
[Date "2023.09.06"]
[Round "2"]
[White "Borsuk, Konstantin"]
[Black "Mosesov, Danylo"]
[Result "1/2-1/2"]
[WhiteElo "2436"]
[BlackElo "2432"]
[PlyCount "46"]
[EventDate "2023.09.05"]
[EventType "tourn"]
[EventRounds "9"]
[EventCountry "UKR"]
[EventCategory "6"]
[SourceTitle "EXT 2024"]
[Source "ChessBase"]
[SourceDate "2023.10.10"]
[SourceVersion "1"]
[SourceVersionDate "2023.10.10"]
[SourceQuality "1"]

1. d4 Nf6 2. Nf3 e6 3. c4 a6 4. Nc3 d5 5. cxd5 exd5 6. Bg5 Be6 7. e3 Nbd7 8. Rc1 Bd6 9. Bd3 h6 10. Bh4 0-0 11. 0-0 c6 12. Bg3 Qe7 13. Re1 Bxg3 14. hxg3 Rfd8 15. a3 c5 16. dxc5 Nxc5 17. Nd4 Rac8 18. Be2 Nce4 19. Nxe4 dxe4 20. Qd2 Qd6 21. Rxc8 Rxc8 22. Rc1 Rxc1+ 23. Qxc1 Bd7 1/2-1/2

[Event "Morshyn Saint Charbel Cup Blitz"]
[Site "Morshyn"]
[Date "2023.09.04"]
[Round "5"]
[White "Haydon, David Leslie"]
[Black "Mosesov, Danylo"]
[Result "1/2-1/2"]
[WhiteElo "2230"]
[BlackElo "2432"]
[PlyCount "38"]
[EventDate "2023.09.04"]
[EventType "tourn (blitz)"]
[EventRounds "9"]
[EventCountry "UKR"]
[EventCategory "6"]
[SourceTitle "EXT 2024"]
[Source "ChessBase"]
[SourceDate "2023.10.10"]
[SourceVersion "1"]
[SourceVersionDate "2023.10.10"]
[SourceQuality "1"]

1. Nf3 Nf6 2. e3 b6 3. b3 Bb7 4. Bb2 g6 5. Be2 Bg7 6. 0-0 0-0 7. c4 c5 8. d4 cxd4 9. Nxd4 d6 10. Nc3 a6 11. Rc1 Nbd7 12. Bf3 Bxf3 13. Qxf3 Ne5 14. Qe2 Rc8 15. Rfd1 Qd7 16. h3 Qb7 17. Rc2 Rfe8 18. Nf3 Nxf3+ 19. gxf3 Rc5 1/2-1/2

[Event "Morshyn Saint Charbel Cup Blitz"]
[Site "Morshyn"]
[Date "2023.09.04"]
[Round "7"]
[White "Mosesov, Danylo"]
[Black "Sakun, Volodymyr"]
[Result "1/2-1/2"]
[WhiteElo "2432"]
[BlackElo "2370"]
[PlyCount "87"]
[EventDate "2023.09.04"]
[EventType "tourn (blitz)"]
[EventRounds "9"]
[EventCountry "UKR"]
[EventCategory "6"]
[SourceTitle "EXT 2024"]
[Source "ChessBase"]
[SourceDate "2023.10.10"]
[SourceVersion "1"]
[SourceVersionDate "2023.10.10"]
[SourceQuality "1"]

1. Nf3 Nf6 2. c4 e6 3. g3 d5 4. Bg2 Be7 5. 0-0 0-0 6. b3 b6 7. Bb2 Bb7 8. e3 Nbd7 9. Nc3 c5 10. d4 dxc4 11. bxc4 cxd4 12. exd4 Rc8 13. d5 Nc5 14. Re1 Re8 15. Nd4 exd5 16. Nf5 d4 17. Bxb7 Nxb7 18. Nd5 Nxd5 19. cxd5 Bf6 20. Rxe8+ Qxe8 21. Bxd4 Qe4 22. Nh6+ Kf8 23. Bxf6 gxf6 24. Ng4 Qf5 25. Ne3 Qe5 26. Rc1 Rxc1 27. Qxc1 Nc5 28. Qc2 Qe4 29. Qb2 Qe5 30. Qa3 Qc7 31. Kg2 Qe7 32. h4 Qe4+ 33. Kg1 Qb1+ 34. Kh2 Qe4 35. Qxa7 Qf3 36. Qb8+ Kg7 37. Qf4 Qxf4 38. gxf4 Kf8 39. Nc4 b5 40. Nd6 b4 41. Nf5 Ke8 42. Kg3 Na4 43. Nd4 Nc3 44. Kf3 1/2-1/2

[Event "Morshyn All Ukranian 1st"]
[Site "Morshyn"]
[Date "2023.07.08"]
[Round "6"]
[White "Fishchuk, Vladyslav"]
[Black "Mosesov, Danylo"]
[Result "0-1"]
[WhiteElo "2228"]
[BlackElo "2432"]
[PlyCount "42"]
[EventDate "2023.07.08"]
[EventType "swiss (rapid)"]
[EventRounds "9"]
[EventCountry "UKR"]
[SourceTitle "CBM 215 Extra"]
[Source "ChessBase"]
[SourceDate "2023.09.30"]
[SourceVersion "1"]
[SourceVersionDate "2023.09.30"]
[SourceQuality "1"]

1. d4 Nf6 2. Nc3 c5 3. d5 d6 4. e4 g6 5. f4 Bg7 6. Bb5+ Nfd7 7. a4 0-0 8. Nf3 Na6 9. 0-0 Nc7 10. Bc4 a6 11. Qe2 Rb8 12. e5 b5 13. axb5 axb5 14. Nxb5 Nb6 15. Nxc7 Qxc7 16. c3 Bg4 17. h3 Bxf3 18. Rxf3 dxe5 19. fxe5 Qxe5 20. Re3 Qd6 21. Rxe7 Nxc4 0-1

[Event "Morshyn All Ukranian 1st"]
[Site "Morshyn"]
[Date "2023.07.08"]
[Round "4"]
[White "Karvatskyi, Oleksii"]
[Black "Mosesov, Danylo"]
[Result "1/2-1/2"]
[WhiteElo "1977"]
[BlackElo "2432"]
[PlyCount "126"]
[EventDate "2023.07.08"]
[EventType "swiss (rapid)"]
[EventRounds "9"]
[EventCountry "UKR"]
[SourceTitle "CBM 215 Extra"]
[Source "ChessBase"]
[SourceDate "2023.09.30"]
[SourceVersion "1"]
[SourceVersionDate "2023.09.30"]
[SourceQuality "1"]

1. d4 Nf6 2. Bf4 c5 3. d5 d6 4. c4 e5 5. dxe6 Bxe6 6. Nc3 Nc6 7. e4 Be7 8. Bd3 0-0 9. Nge2 Ng4 10. 0-0 Nge5 11. Nd5 Re8 12. Rc1 Bf8 13. Bb1 a6 14. Bg3 b5 15. b3 Rb8 16. f4 Nd7 17. Ne3 Nf6 18. f5 Bc8 19. Bh4 Be7 20. Be1 Bb7 21. Nd5 Nxd5 22. exd5 Ne5 23. Rc3 bxc4 24. bxc4 Bf6 25. Nf4 Bc8 26. Nh5 Rb4 27. Nxf6+ Qxf6 28. Bg3 Nxc4 29. Re1 Bd7 30. Rxe8+ Bxe8 31. Rb3 h6 32. Rxb4 cxb4 33. h3 Bd7 34. Bd3 Nb2 35. Qc2 Qc3 36. Qxc3 bxc3 37. Bc2 Nc4 38. Kf2 Nb6 39. Bxd6 Nxd5 40. a3 Nb6 41. Bc5 Nc4 42. Bb4 a5 43. Bxc3 Nxa3 44. Bd3 a4 45. Bb4 Nb5 46. Bxb5 Bxb5 47. g4 f6 48. Kg3 Kf7 49. h4 Be2 50. Kf4 g5+ 51. fxg6+ Kxg6 52. Ba3 Bd1 53. Bb4 Bc2 54. Ba3 h5 55. gxh5+ Kxh5 56. Kg3 Kg6 57. Kf4 Bb1 58. Bb4 Kh5 59. Be7 f5 60. Kg3 Kg6 61. Ba3 Bc2 62. Kf4 Kh5 63. Kg3 Bb1 1/2-1/2

[Event "Morshyn All Ukranian 1st"]
[Site "Morshyn"]
[Date "2023.07.08"]
[Round "3"]
[White "Mosesov, Danylo"]
[Black "Hulka, Valentyn"]
[Result "1/2-1/2"]
[WhiteElo "2432"]
[BlackElo "2257"]
[PlyCount "47"]
[EventDate "2023.07.08"]
[EventType "swiss (rapid)"]
[EventRounds "9"]
[EventCountry "UKR"]
[SourceTitle "CBM 215 Extra"]
[Source "ChessBase"]
[SourceDate "2023.09.30"]
[SourceVersion "1"]
[SourceVersionDate "2023.09.30"]
[SourceQuality "1"]

1. d4 Nf6 2. c4 e6 3. Nc3 Bb4 4. g3 0-0 5. Bg2 d5 6. Nf3 dxc4 7. 0-0 Nc6 8. Qa4 Bd7 9. Bg5 a6 10. Rfd1 b5 11. Qc2 Rb8 12. Ne5 Ne7 13. a3 Bd6 14. e4 c6 15. Bxf6 gxf6 16. Nxd7 Qxd7 17. e5 Bc7 18. Ne4 Nd5 19. exf6 Bd8 20. Qd2 Kh8 21. Qh6 Rg8 22. Qh4 Rg6 23. Nc5 Qc8 24. Be4 1/2-1/2

[Event "Lvov Vasylyshyn Memorial 19th"]
[Site "Lvov"]
[Date "2022.12.16"]
[Round "7"]
[White "Pacher, Milan"]
[Black "Mosesov, Danylo"]
[Result "1-0"]
[WhiteElo "2427"]
[BlackElo "2423"]
[PlyCount "89"]
[EventDate "2022.12.12"]
[EventType "tourn"]
[EventRounds "9"]
[EventCountry "UKR"]
[EventCategory "4"]
[SourceTitle "CBM 211 Extra"]
[Source "ChessBase"]
[SourceDate "2023.01.31"]
[SourceVersion "1"]
[SourceVersionDate "2023.01.31"]
[SourceQuality "1"]

1. e4 Nf6 2. e5 Nd5 3. Nc3 e6 4. Nf3 d6 5. g3 dxe5 6. Nxe5 Bd6 7. Nc4 Bc5 8. Bg2 0-0 9. 0-0 Nb6 10. b3 Nxc4 11. bxc4 Nc6 12. Rb1 Bd4 13. Ne2 Bf6 14. d3 Ne7 15. Bb2 Bxb2 16. Rxb2 Rb8 17. a4 e5 18. a5 c6 19. Qd2 Be6 20. Rfb1 Qc7 21. h3 b6 22. Nc3 bxa5 23. Na4 Rxb2 24. Rxb2 Nf5 25. Nc5 Bc8 26. Ra2 Qb6 27. Nb3 Nd4 28. c5 Qd8 29. Qxa5 Nxb3 30. Qxd8 Rxd8 31. cxb3 Be6 32. Rxa7 g6 33. Bxc6 Bxb3 34. Bd7 Be6 35. Bxe6 fxe6 36. c6 Rc8 37. c7 Kf7 38. Kg2 Ke7 39. Kf3 Kd7 40. Ke4 Kd6 41. h4 h6 42. Ra6+ Kd7 43. Kxe5 Rxc7 44. Rxe6 Rc5+ 45. Kd4 1-0

[Event "Lvov Vasylyshyn Memorial-A 18th"]
[Site "Lvov"]
[Date "2021.12.11"]
[Round "8"]
[White "Mosesov, Danylo"]
[Black "Neverov, Valeriy"]
[Result "1/2-1/2"]
[WhiteElo "2405"]
[BlackElo "2451"]
[PlyCount "101"]
[EventDate "2021.12.04"]
[EventType "tourn"]
[EventRounds "9"]
[EventCountry "UKR"]
[EventCategory "6"]
[SourceTitle "CBM 205 Extra"]
[Source "ChessBase"]
[SourceDate "2022.01.31"]
[SourceVersion "1"]
[SourceVersionDate "2022.01.31"]
[SourceQuality "1"]

1. e4 c5 2. Nf3 Nc6 3. d4 cxd4 4. Nxd4 e5 5. Nb5 d6 6. N1c3 a6 7. Na3 Be6 8. Nc4 b5 9. Ne3 Nf6 10. Bd3 g6 11. a4 b4 12. Ncd5 Bg7 13. c3 bxc3 14. bxc3 Bxd5 15. exd5 Ne7 16. 0-0 0-0 17. Be2 Qa5 18. Ba3 Nfxd5 19. Nc4 Qd8 20. Rc1 Nf4 21. Nxd6 Qc7 22. c4 Nxe2+ 23. Qxe2 Nc6 24. Qe4 Nd4 25. Rfd1 Rab8 26. c5 Rb3 27. Rd3 Rfb8 28. Rxb3 Rxb3 29. Nc4 Qc6 30. Qxc6 Nxc6 31. Kf1 e4 32. Rd1 Bd4 33. Bc1 Bxc5 34. Bh6 f5 35. Rd7 Bf8 36. Bxf8 Kxf8 37. Rd6 Nb4 38. Rb6 a5 39. Rb8+ Kg7 40. Rb7+ Kh6 41. Nxa5 Rb1+ 42. Ke2 Rb2+ 43. Ke3 Nd5+ 44. Kd4 Rd2+ 45. Ke5 Nc3 46. Nc4 Rxf2 47. Rb3 Rc2 48. a5 f4 49. Kxf4 Ne2+ 50. Ke3 Rxc4 51. Kxe2 1/2-1/2

[Event "Lvov Vasylyshyn Memorial-A 18th"]
[Site "Lvov"]
[Date "2021.12.06"]
[Round "3"]
[White "Mosesov, Danylo"]
[Black "Golubka, Petr"]
[Result "1-0"]
[WhiteElo "2405"]
[BlackElo "2408"]
[PlyCount "63"]
[EventDate "2021.12.04"]
[EventType "tourn"]
[EventRounds "9"]
[EventCountry "UKR"]
[EventCategory "6"]
[SourceTitle "CBM 205 Extra"]
[Source "ChessBase"]
[SourceDate "2022.01.31"]
[SourceVersion "1"]
[SourceVersionDate "2022.01.31"]
[SourceQuality "1"]

1. d4 f5 2. Nc3 d5 3. Bg5 g6 4. h4 Nh6 5. Nf3 Nf7 6. Bf4 c6 7. h5 Nd7 8. hxg6 hxg6 9. Rxh8 Nxh8 10. Qd2 Nf7 11. Qe3 Nf6 12. Ng5 Ng4 13. Qd2 e5 14. Nxf7 Kxf7 15. dxe5 Bg7 16. e4 fxe4 17. Nxe4 Nxe5 18. 0-0-0 Bf5 19. Ng3 Be6 20. Re1 Ng4 21. f3 Nf6 22. Bd3 Qd7 23. Be5 Rh8 24. Kb1 Bh6 25. Qb4 Bg5 26. f4 Rh4 27. Rf1 Rg4 28. Be2 Bh4 29. Bxg4 Bxg4 30. f5 Bxg3 31. fxg6+ Kxg6 32. Rxf6+ 1-0

[Event "Lvov Vasylyshyn Memorial-A 18th"]
[Site "Lvov"]
[Date "2021.12.05"]
[Round "2"]
[White "Secheres, Adrian Simion"]
[Black "Mosesov, Danylo"]
[Result "0-1"]
[WhiteElo "2377"]
[BlackElo "2405"]
[PlyCount "82"]
[EventDate "2021.12.04"]
[EventType "tourn"]
[EventRounds "9"]
[EventCountry "UKR"]
[EventCategory "6"]
[SourceTitle "CBM 205 Extra"]
[Source "ChessBase"]
[SourceDate "2022.01.31"]
[SourceVersion "1"]
[SourceVersionDate "2022.01.31"]
[SourceQuality "1"]

1. d4 Nf6 2. c4 e6 3. Nc3 Bb4 4. g3 0-0 5. Bg2 d5 6. Nf3 dxc4 7. 0-0 Nc6 8. e3 Rb8 9. Nd2 e5 10. d5 Bxc3 11. dxc6 Bxd2 12. Bxd2 bxc6 13. Bc3 Qe7 14. Qa4 Rb6 15. Rfd1 Ba6 16. Qa5 Re8 17. Rd2 h6 18. Rad1 Bb7 19. Qa4 Qe6 20. e4 Kh7 21. f3 Ba6 22. Qa5 Qe7 23. Bh3 Bb5 24. Bb4 c5 25. Ba3 a6 26. Qc3 Rd6 27. Rxd6 cxd6 28. Qd2 Rd8 29. Bf1 Kg8 30. Qc2 d5 31. exd5 Rxd5 32. Re1 Qd7 33. Qc3 Qf5 34. Qe3 Nd7 35. Qf2 Rd4 36. Bg2 Bc6 37. h4 Rd3 38. Bxc5 e4 39. Be3 exf3 40. Bf1 Ne5 41. Bxd3 Nxd3 0-1

[Event "Kiev-Lvov Region Blitz"]
[Site "Kiev"]
[Date "2021.09.15"]
[Round "5"]
[White "Mosesov, Danylo"]
[Black "Omelja, Artem"]
[Result "0-1"]
[WhiteElo "2405"]
[BlackElo "2509"]
[PlyCount "120"]
[EventDate "2021.09.15"]
[EventType "team-match (blitz)"]
[EventRounds "8"]
[EventCountry "UKR"]
[SourceTitle "CBM 204 Extra"]
[Source "ChessBase"]
[SourceDate "2021.11.30"]
[SourceVersion "1"]
[SourceVersionDate "2021.11.30"]
[SourceQuality "1"]
[WhiteTeam "Lvov Region"]
[BlackTeam "Kiev Region"]
[WhiteTeamCountry "UKR"]
[BlackTeamCountry "UKR"]

1. d4 f5 2. Bg5 g6 3. Nc3 d5 4. e3 Nh6 5. h4 Nf7 6. Bf4 c6 7. Nf3 Nd7 8. h5 Bg7 9. Bd3 e5 10. hxg6 hxg6 11. Rxh8+ Bxh8 12. dxe5 Ndxe5 13. Nxe5 Nxe5 14. Qd2 Qe7 15. 0-0-0 Bd7 16. Na4 b5 17. Nc3 Bf6 18. Bf1 a6 19. f3 0-0-0 20. a3 Kb7 21. Na2 Be6 22. Nb4 c5 23. Bxe5 Bxe5 24. Nd3 Bf6 25. Kb1 Bf7 26. Qa5 Rc8 27. Re1 Qc7 28. Qxc7+ Rxc7 29. g4 c4 30. Nf4 Re7 31. gxf5 gxf5 32. Bh3 d4 33. Bxf5 Rxe3 34. Be4+ Kc8 35. Rh1 Be5 36. Nd5 Bxd5 37. Bxd5 Re2 38. Be4 d3 39. cxd3 Rxb2+ 40. Kc1 c3 41. Rh4 Kc7 42. Bh7 Bd6 43. d4 Bxa3 44. Bc2 Ra2+ 45. Kd1 Bd6 46. d5 b4 47. Rc4+ Kd7 48. f4 a5 49. f5 a4 50. f6 b3 51. Bf5+ Ke8 52. Rxc3 Kf7 53. Bd7 b2 54. Kc2 a3 55. Rb3 Ra1 56. Be6+ Kxf6 57. Rf3+ Ke5 58. Rb3 Bc5 59. Rb5 Kd6 60. Rb3 Rc1+ 0-1

[Event "Kiev-Lvov Region Blitz"]
[Site "Kiev"]
[Date "2021.09.15"]
[Round "8"]
[White "Omelja, Artem"]
[Black "Mosesov, Danylo"]
[Result "1-0"]
[WhiteElo "2509"]
[BlackElo "2405"]
[PlyCount "95"]
[EventDate "2021.09.15"]
[EventType "team-match (blitz)"]
[EventRounds "8"]
[EventCountry "UKR"]
[SourceTitle "CBM 204 Extra"]
[Source "ChessBase"]
[SourceDate "2021.11.30"]
[SourceVersion "1"]
[SourceVersionDate "2021.11.30"]
[SourceQuality "1"]
[WhiteTeam "Kiev Region"]
[BlackTeam "Lvov Region"]
[WhiteTeamCountry "UKR"]
[BlackTeamCountry "UKR"]

1. Nf3 Nf6 2. d4 b6 3. Bf4 Bb7 4. Nbd2 g6 5. h3 Bg7 6. e3 0-0 7. Be2 d6 8. 0-0 Nfd7 9. Bh2 e5 10. a4 a5 11. c3 Nc6 12. Nc4 h6 13. Na3 Kh7 14. Nb5 Na7 15. Na3 Nc6 16. Nd2 f5 17. Ndc4 Ne7 18. dxe5 Nxe5 19. Nxe5 dxe5 20. Nb5 Nd5 21. Bc4 c6 22. Na3 Qe7 23. Qb3 Qc5 24. Rfe1 Rad8 25. Rad1 Nf6 26. Be2 Ne4 27. Rxd8 Rxd8 28. Rd1 Rxd1+ 29. Qxd1 Nxc3 30. bxc3 Qxa3 31. Qd7 Qxc3 32. Qxb7 Qc5 33. Qa6 h5 34. Qc4 Qd6 35. g4 hxg4 36. hxg4 fxg4 37. Bxg4 Qf6 38. Be2 Bh6 39. Bg3 Kg7 40. Kg2 Kh7 41. Bf3 c5 42. Qd5 Bg7 43. Be2 Qg5 44. Bd3 Qg4 45. Qe4 Qe6 46. Bc4 Qf5 47. Qxf5 gxf5 48. Bh4 1-0

[Event "Kiev-Lvov Region Rapid"]
[Site "Kiev"]
[Date "2021.09.14"]
[Round "2"]
[White "Roshka, Yevgeniy"]
[Black "Mosesov, Danylo"]
[Result "1/2-1/2"]
[WhiteElo "2479"]
[BlackElo "2405"]
[PlyCount "117"]
[EventDate "2021.09.14"]
[EventType "team-match (rapid)"]
[EventRounds "4"]
[EventCountry "UKR"]
[SourceTitle "CBM 204 Extra"]
[Source "ChessBase"]
[SourceDate "2021.11.30"]
[SourceVersion "1"]
[SourceVersionDate "2021.11.30"]
[SourceQuality "1"]
[WhiteTeam "Kiev Region"]
[BlackTeam "Lvov Region"]
[WhiteTeamCountry "UKR"]
[BlackTeamCountry "UKR"]

1. e4 c5 2. Nf3 Nc6 3. g3 g6 4. Bg2 Bg7 5. 0-0 Nf6 6. d3 0-0 7. Nbd2 d6 8. a4 Nd7 9. h3 b6 10. Nc4 Ba6 11. Ne3 Rc8 12. Nd2 Bb7 13. f4 a6 14. h4 b5 15. axb5 axb5 16. h5 c4 17. hxg6 hxg6 18. dxc4 Qb6 19. Re1 Nb4 20. Kh2 e6 21. Qe2 Nc6 22. Nb3 Nc5 23. Nxc5 Qxc5 24. c3 bxc4 25. Qxc4 Na5 26. Qxc5 Rxc5 27. Ra3 Rfc8 28. Kg1 Nc4 29. Ra7 Rb8 30. Rd1 Bf8 31. Kf2 Bc6 32. Nxc4 Rxc4 33. Rc7 Bb5 34. Rxc4 Bxc4 35. b4 Rc8 36. Bb2 Ra8 37. Bf1 Bb3 38. Rd2 e5 39. c4 Ra4 40. Bc3 f6 41. Rb2 Bd1 42. b5 d5 43. exd5 Bc5+ 44. Kg2 e4 45. Bxf6 Bf3+ 46. Kh3 Kf7 47. Be5 e3 48. g4 Ra1 49. Be2 Be4 50. f5 g5 51. b6 Rh1+ 52. Kg3 Rg1+ 53. Kh2 Rh1+ 54. Kg3 Rg1+ 55. Kh3 Rh1+ 56. Kg3 Rg1+ 57. Kh2 Rh1+ 58. Kg3 Rg1+ 59. Kh3 1/2-1/2